Regímenes del bienestar en América Latina: ¿Cuáles son?: capítulo 3 /

El texto busca las principales tensiones y oportunidades del régimen de bienestar social en la población latinoamericana

Sparad:
Bibliografiska uppgifter
Huvudupphovsman: Martínez Franzoni, Juliana
Materialtyp: Text
Ämnen:
Taggar: Lägg till en tagg
Inga taggar, Lägg till första taggen!

MARC

LEADER 00000 a a2200000 04500
001 8899
003
040
100 |a Martínez Franzoni, Juliana  
245 |a Regímenes del bienestar en América Latina:   |b ¿Cuáles son?: capítulo 3 /  |c Juliana Martínez Franzoni 
500 |a Borrador al 7 de setiembre  
520 |a El texto busca las principales tensiones y oportunidades del régimen de bienestar social en la población latinoamericana  
650 |a BIENESTAR SOCIAL  
650 |a AMERICA LATINA  
773 |g volumen 4; página 11  
999 |c 22359  |d 22359